000 00686nam a22002057a 4500
005 20250218141904.0
008 250218b ||||| |||| 00| 0 spa d
020 _a84-323-0518-9
082 1 4 _214
_a320.5
100 1 _910443
_aAnderson, Perry
245 1 0 _aTeoría, política e historia :
_bun debate con E. P. Thompson /
_cPerry Anderson
260 _aMadrid:
_bSIGLO XXI DE ESPAÑA EDITORES,
_c1985
300 _a241 p.
440 _921150
_aTeoría
600 1 0 _921175
_aEdward P. Thompson
_y1924-1993
650 2 7 _9839
_aIDEOLOGIA
_2unescot
650 2 7 _9943
_aHISTORIA POLITICA
_2unescot
942 _2ddc
_cLIBRO
980 _619226
_a Palazón Marcela I.
_819226
_g Palazón Marcela I.
999 _c10700
_d10700